Otthonunk a művekben /
Saved in:
| Main Author: | |
|---|---|
| Format: | Book |
| Language: | Hungarian |
| Published: |
Budapest :
Szépirodalmi Kiadó,
1974.
|
| Edition: | 1. kiad. |
| Physical Description: |
513 s. ; 19 cm. |
| Tags: |
Add Tag
No Tags, Be the first to tag this record!
|
Titul je dostupný aj v ... 

MARC
| LEADER | 00000nam a22000004a 4500 | ||
|---|---|---|---|
| 001 | 000428513 | ||
| 005 | 20130720204452.0 | ||
| 008 | 130720s1974 hu e 000 0 hun d | ||
| 040 | |a SVKKK |b slo |c SVKKK |e AACR2 | ||
| 100 | 1 | |a Szabó, Ede, |d 1925-1985 | |
| 245 | 1 | 0 | |a Otthonunk a művekben / |c Szabó Ede. |
| 250 | |a 1. kiad. | ||
| 260 | |a Budapest : |b Szépirodalmi Kiadó, |c 1974. | ||
| 300 | |a 513 s. ; |c 19 cm. | ||
| 910 | |a svkkk | ||
| 998 | |a BK | ||
| 090 | |g SCKHL |k Sklad Hlavná 10 suterén |a I.43969 |j 520833 |i 2720622927 |s Absenčne | ||